| 000 | 00829nam a22001817a 4500 | ||
|---|---|---|---|
| 999 |
_c14991 _d14991 |
||
| 003 | OSt | ||
| 082 | _2631.56 CHI/EF | ||
| 088 | _aP 265 | ||
| 100 |
_aCHINCHU MOHAN _aHIMA JOHN _93884 |
||
| 245 | _aEffect of edible wax coating and modified atmospheric packaging on shelf life of slicing cucumber (Cucumis sativus) | ||
| 260 |
_aTavanur 2013 _bDepartment of Post-Harvest Technology and Agricultural Processing |
||
| 300 | _a88 | ||
| 500 | _aEffect of edible wax coating and modified atmospheric packaging on shelf life of slicing cucumber (Cucumis sativus) | ||
| 520 | _aEffect of edible wax coating and modified atmospheric packaging on shelf life of slicing cucumber (Cucumis sativus) | ||
| 700 |
_aDr. Sudheer K.P (Guide) _93885 |
||
| 856 | _uhttps://drive.google.com/open?id=1_95XE1JpkiCqeGfL4ggG_MUZwjBbh0Jm | ||
| 942 | _cPR | ||